| 000 -LEADER |
| fixed length control field |
00984nam a22001577a 4500 |
| 008 - FIXED-LENGTH DATA ELEMENTS--GENERAL INFORMATION |
| fixed length control field |
241125b ||||| |||| 00| 0 eng d |
| 100 ## - MAIN ENTRY--PERSONAL NAME |
| Personal name |
Yadav, Sushma |
| 245 ## - TITLE STATEMENT |
| Title |
Public governance and reforms: Reinventing the bureaucracy |
| 260 ## - PUBLICATION, DISTRIBUTION, ETC. (IMPRINT) |
| Place of publication, distribution, etc |
Bihar Journal of Public Administration |
| 300 ## - PHYSICAL DESCRIPTION |
| Extent |
14(2), Jul-Dec, 2017: p.1-12 |
| 520 ## - SUMMARY, ETC. |
| Summary, etc |
Emerging significantly from the traditional sates inability to dope with a range of contemporary social as well as global problems, the concept of governance has evolved to identify and explain new modes of problems solving and decision making. This shift from government to governance represents one for the most important theoretical developments in public administration, political science and sociology. – Reproduced |
| 650 ## - SUBJECT ADDED ENTRY--TOPICAL TERM |
| Topical term or geographic name as entry element |
Governance, Good governance, Bureaucracy, Administrative reforms, Corruption. |
| 9 (RLIN) |
49060 |
| 773 ## - HOST ITEM ENTRY |
| Main entry heading |
Bihar Journal of Public Administration |
| 906 ## - LOCAL DATA ELEMENT F, LDF (RLIN) |
| Subject DIP |
PUBLIC ADMINISTRATION |
| 942 ## - ADDED ENTRY ELEMENTS (KOHA) |
| Item type |
Articles |